000 00357nam a2200157Ia 4500
008 230711s9999||||xx |||||||||||||| ||und||
041 _aENG
082 _a720
_bKR-C
100 _aKrishnan,Arvind
245 0 _aClimate responsive Architecture
250 _a1st
260 _c2001
_aNew Delhi
_bTMH
300 _a409
650 _aArchitecture
942 _cBK
999 _c5356
_d5356